Tüzek
Správa o požiaroch: V obci Rokytovce pravdepodobne ide o podpaľačstvo. Zhorelo 24 domov, hospodárskych budov ako aj príslušenstvá. * V obci Myslina [dne je to Krásny Brod] - zhorelo 9 domov a škoda bola vyčíslená na 47 tisíc korún. [Neuvedené presné dátumy].
| Médium: | Článok |
|---|---|
| Jazyk: | Hungarian |
| Témy: | |
| Zdroj: |
1. Felvidéki Hirlap 1. Roč. 7, č. 22 (07.06.1914) s. 2 |
| LEADER | 00989nab#a2200313#ar4500 | ||
|---|---|---|---|
| 001 | 000074512 | ||
| 003 | SVKKK | ||
| 005 | 20041220xxxxxxx. | ||
| 008 | 06 c xo huno | ||
| FMT | |||
| 038 | |a SVKKK | ||
| 040 | |a SVKKK |b slo |e AACR2 | ||
| 041 | 0 | |a hun | |
| 044 | |a xo |c SK | ||
| 080 | |a 614.84 | ||
| 242 | 1 | 0 | |a Požiare |
| 245 | 0 | 0 | |a Tüzek |
| 500 | |a mikrofilm | ||
| 520 | 2 | |a Správa o požiaroch: V obci Rokytovce pravdepodobne ide o podpaľačstvo. Zhorelo 24 domov, hospodárskych budov ako aj príslušenstvá. * V obci Myslina [dne je to Krásny Brod] - zhorelo 9 domov a škoda bola vyčíslená na 47 tisíc korún. [Neuvedené presné dátumy]. | |
| 650 | 0 | 4 | |a požiare - Rokytovce (HN) - Myslina [dnes Krásny Brod] - jún 1914 - správy |
| 773 | 0 | |t Felvidéki Hirlap |g Roč. 7, č. 22 (07.06.1914) s. 2 | |
| 957 | |a Myslina | ||
| 957 | |a Rokytovce | ||
| 958 | |a DG | ||
| 958 | |a SK | ||
| 974 | |a Ba |d 20041220 | ||
| 992 | |a RBX | ||
| BAS | |||
| 998 | |a RETRO | ||